000 00692nam a2200169Ia 4500
008 090711s9999 xx 000 0 und d
082 _b48664
100 _aगावडे प्र. ल. (संपा.)
245 _aसावरकरांSो साहित्य िंSाात्न
260 _bसंजय प्रकाशन
_c1984
300 _a140
600 _aगावडे प्र. ल. (संपा.)
630 _aसावरकरांSो साहित्य िंSाात्न
700 _aगावडे प्र. ल. (संपा.)
730 _aसावरकरांSो साहित्य िंSाात्न
942 _cBOOK
999 _c329318
_d329318